| 000 | 00850nam a2200229 a 4500 | ||
|---|---|---|---|
| 001 | 2454 | ||
| 003 | CDMR | ||
| 005 | 20131210164845.0 | ||
| 008 | 130130s1975||||||||||||||||||||||||||||d | ||
| 040 |
_aCDMR _bcat _cCDMR |
||
| 100 | 1 |
_aBagdikian, Ben H. _9775 |
|
| 245 | 1 | 4 |
_aLas máquinas de información _b: su repercusión sobre los hombres y los medios informativos _cBen H. Bagdikian |
| 260 |
_aMéxico _c1975 _bFondo de Cultura Económica |
||
| 300 | _a507 p. | ||
| 490 | 0 | _aCiencia y Tecnología | |
| 650 | 0 | 4 |
_91243 _aComunicació _xInnovacions tecnològiques |
| 650 | 0 | 4 |
_93508 _aTecnologia de la informació _xAspectes socials |
| 650 | 0 | 4 |
_94277 _aTecnologia _zPaïsos industrialitzats |
| 650 | 0 | 4 |
_93178 _aMitjans de comunicació de massa _xAspectes econòmics |
| 650 | 0 | 4 |
_94117 _aMitjans de comunicació de massa _vEstadístiques |
| 942 |
_cMON _2udc |
||
| 999 |
_c2454 _d2454 |
||